Catálogo público

Estudio de factibilidad técnico-económica para el establecimiento de una planta deshidratadora de alfalfa (Medicago sativa L.) en Zumpango,Edo. de Mexico / (Record no. 171362)

MARC details
000 -CABECERA
campo de control de longitud fija 04532nam a2200469 a 4500
001 - NÚMERO DE CONTROL
campo de control dia_812
003 - IDENTIFICADOR DEL NÚMERO DE CONTROL
campo de control CHAP
005 - FECHA Y HORA DE LA ÚLTIMA TRANSACCIÓN
campo de control 20250828102803.0
007 - CAMPO FIJO DE DESCRIPCIÓN FÍSICA--INFORMACIÓN GENERAL
campo de control de longitud fija ta
008 - DATOS DE LONGITUD FIJA--INFORMACIÓN GENERAL
campo de control de longitud fija 220117s1998 mx abdefrm 001 0 spa d
010 ## - NÚMERO DE CONTROL DE LA BIBLIOTECA DEL CONGRESO
Número de control de LC 171362
040 ## - FUENTE DE LA CATALOGACIÓN
Centro/agencia transcriptor CHAP
Centro catalogador/agencia de origen mxchpua
Normas de descripción rda
041 0# - CÓDIGO DE LENGUA
Código de lengua del texto/banda sonora o título independiente spa
Código de lengua del sumario o resumen eng
090 ## - LOCALMENTE ASIGNADO TIPO-LC NÚMERO DE CLASIFICACIÓN (OCLC); NÚMERO DE CLASIFICACIÓN LOCAL (RLIN)
Número de clasificación (OCLC) (R) ; Numero de clasificación, CALL (RLIN) (NR) Tesis
Número cutter local (OCLC) ; Número de libro/Signatura topográfica íntegra, CALL (RLIN) S26
año 1998
100 1# - ENTRADA PRINCIPAL--NOMBRE DE PERSONA
Nombre de persona Samano Silva, Salvador
245 10 - MENCIÓN DE TÍTULO
Título Estudio de factibilidad técnico-económica para el establecimiento de una planta deshidratadora de alfalfa (Medicago sativa L.) en Zumpango,Edo. de Mexico /
Mención de responsabilidad, etc. Salvador Samano Silva
264 ## - PRODUCCIÓN, PUBLICACIÓN, DISTRIBUCIÓN, FABRICACIÓN Y COPYRIGHT
Producción, publicación, distribución, fabricación y copyright Chapingo, México :
Nombre del de productor, editor, distribuidor, fabricante El autor,
Fecha de producción, publicación, distribución, fabricación o copyright 1998
300 ## - DESCRIPCIÓN FÍSICA
Extensión vii, 97 hojas :
Otras características físicas ilustraciones, mapas, gráficas, diagramas, tablas, fotos, planos
336 ## - TIPO DE CONTENIDO
Fuente rdacontent
Término de tipo de contenido texto
Código de tipo de contenido txt
337 ## - TIPO DE MEDIO
Fuente rdamedia
Nombre/término del tipo de medio no mediado
Código del tipo de medio n
338 ## - TIPO DE SOPORTE
Fuente rdacarrier
Nombre/término del tipo de soporte volumen
Código del tipo de soporte nc
500 ## - NOTA GENERAL
Nota general Los planos están incluidos en el reporte
502 ## - NOTA DE TESIS
Nota de tesis Tesis
Tipo de título (Ingeniero Agroindustrial) --
Nombre de la institución que otorga el título UACh. Departamento de Ingeniería Agroindustrial,
Año de obtención del título 1998
504 ## - NOTA DE BIBLIOGRAFÍA, ETC.
Nota de bibliografía, etc. Bibliografía: hojas 95-96
505 ## - NOTA DE CONTENIDO CON FORMATO
Nota de contenido con formato 1 plano: --<br/>1. Plano de distribución de áreas de la planta deshidratadora de alfalfa (Esc. 1:800)
520 ## - SUMARIO, ETC.
Sumario, etc. Se realizó un estudio para establecer una planta deshidratadora de alfalfa, como alternativa para resolver el problema de comercialización de la alfalfa de l5 productores de Zumpango, México. Se propone obtener harina de alfalfa deshidratada en costales de 50 kg que se utilizará como ingrediente en la formulación de alimentos balanceados. La materia prima se obtendrá del área de Zumpango, procedente de terrenos de productores socios del proyecto. La organización social propuesta es una Sociedad Anónima (S.A.), la planta se pretende establecer en la carretera Zumpango-Tequixquiac, donde existen los servicios necesarios para su funcionamiento; el tamaño seria de l tonelada de harina de alfalfa/h. Se realizó un estudio comparativo de tres tecnologías, deduciendo que la más apropiada es la maquinaria Águila, descartándose las otras opciones por tener gastos de operación altos y lo por no cumplir con las normas ambientales. La inversión total requerida para el proyecto es de $6,998,000 y un capital de trabajo de S1,033,000; BANRURAL financiaría el 56% y el 44% se cubriría con recursos propios. La tasa interna de rentabilidad para el proyecto y la empresa es de 11%, la cual dado el riesgo del proyecto es poco atractiva, no recomendándose por lo tanto la inversión en las circunstancias actuales. --
520 ## - SUMARIO, ETC.
Sumario, etc. A study was developed to establish a dehydrated alfalfa plant as alternative to solve the alfalfa commercializing problems of fifteen farmers in Zumpango, Mexico. It is proposed to obtain flour-dehydrated alfalfa in 50-kg bags, which will be used as an ingredient for the formula in balanced feed. The row material will be obtained in the Zumpango area and it will come from fields of producers associated working on this project. The social organization is an Anonymous Association. (S.A) The plant could be located in the Zumpango Tequixquiac free way having all the necessary services for its function, the size will be of 1 ton of alfalfa flour/h. The study was made contrasting 3 technologies resulting the best one Eagle Machines (Maquinaria Aguila) rejecting the other options because their operation expenses were very high or because they were not adjusted to the environmental law. The total cost required for this project is $6,998,000 and the work capital of S1,033,000; BANRURAL will support with 56% and the 44% left will be covered with own resources; the internal return rate for the project and the enter price is l1%. The project result not very attractive given the risk of the project, the inversion is not recommendable in the actual circumstances. 
650 13 - PUNTO DE ACCESO ADICIONAL DE MATERIA--TÉRMINO DE MATERIA
Término de materia o nombre geográfico como elemento de entrada Alfalfa
Subdivisión general Secado
Fuente del encabezamiento o término atg
650 13 - PUNTO DE ACCESO ADICIONAL DE MATERIA--TÉRMINO DE MATERIA
Término de materia o nombre geográfico como elemento de entrada Hierbas deshidratadas
Fuente del encabezamiento o término atg
650 13 - PUNTO DE ACCESO ADICIONAL DE MATERIA--TÉRMINO DE MATERIA
Término de materia o nombre geográfico como elemento de entrada Industria alimentaria
Subdivisión general Iniciativa empresarial
Subdivisión geográfica México
-- México (Estado)
-- Zumpango
Fuente del encabezamiento o término atg
650 13 - PUNTO DE ACCESO ADICIONAL DE MATERIA--TÉRMINO DE MATERIA
Término de materia o nombre geográfico como elemento de entrada Alfalfa
Fuente del encabezamiento o término atg
Subdivisión general Drying
650 13 - PUNTO DE ACCESO ADICIONAL DE MATERIA--TÉRMINO DE MATERIA
Término de materia o nombre geográfico como elemento de entrada Dried herbs
Fuente del encabezamiento o término atg
650 13 - PUNTO DE ACCESO ADICIONAL DE MATERIA--TÉRMINO DE MATERIA
Término de materia o nombre geográfico como elemento de entrada Feed industry
Subdivisión general Entrepreneurship
Subdivisión geográfica Mexico
-- Mexico (State)
-- Zumpango
Fuente del encabezamiento o término atg
700 1# - PUNTO DE ACCESO ADICIONAL--NOMBRE DE PERSONA
Nombre de persona Solano Alonso, Raquel
Término indicativo de función/relación autor
700 1# - PUNTO DE ACCESO ADICIONAL--NOMBRE DE PERSONA
Nombre de persona Santoyo Cortés, Vinicio Horacio
Término indicativo de función/relación director
700 1# - PUNTO DE ACCESO ADICIONAL--NOMBRE DE PERSONA
Nombre de persona Espinosa Solares, Teodoro
Término indicativo de función/relación asesor
700 1# - PUNTO DE ACCESO ADICIONAL--NOMBRE DE PERSONA
Nombre de persona Altamirano Cárdenas, J. Reyes
Término indicativo de función/relación asesor
901 ## - ELEMENTOS DE DATOS A LOCAL LDA (RLIN)
a TESIS S26 1998
942 ## - ELEMENTOS DE PUNTO DE ACCESO ADICIONAL (KOHA)
Tipo de ítem Koha TESIS
Fuente del sistema de clasificación o colocación Clasificación Universidad Autónoma Chapingo
902 ## - ELEMENTOS DE DATOS B LOCAL, LDB (RLIN)
a M
905 ## - ELEMENTOS DE DATOS E LOCAL, LDE (RLIN)
a 0000001998 mx 0000000000spa00
Holdings
Estado de retiro Estado de pérdida Fuente del sistema de clasificación o colocación Estado dañado Restricciones de uso No para préstamo Código de colección Localización permanente Ubicación/localización actual Fuente de adquisición Total de préstamos Signatura topográfica completa Código de barras Fecha visto por última vez Número de copia Tipo de ítem Koha Fecha de adquisición Precio válido a partir de
    Clasificación Universidad Autónoma de Chapingo   Préstamo interno   Tesis Ingenieria Agroindustrial Ingenieria Agroindustrial El autor   Tesis S26 1998 1101015892 02/02/2026 Ej. 1 Tesis    
    Clasificación Universidad Autónoma de Chapingo   Préstamo 5 días   Tesis Ingenieria Agroindustrial Ingenieria Agroindustrial El autor   Tesis S26 1998 1101015893 02/02/2026 Ej. 2 Tesis 27/08/2025 27/08/2025